000 01747cam a22004934i 4500
003 PE-LiUPU
005 20250731173522.0
008 150616s r 000 0 d
020 _a0804232520
035 _a(Sirsi) i9780804232524
040 _aPE-LiUPU
_bspa
_cPE-LiUPU
_erda
049 _aPRUA
082 0 4 _a264.057
_bO42
_221
100 1 _aOld, Hughes Oliphant,
_eautor.
245 1 0 _aWorship that is reformed according to scripture /
_cHughes Oliphant Old.
264 1 _aAtlanta :
_bJohn Knox Press,
_c1984.
300 _a202 páginas ;
_c20 centímetros
336 _atext
_2rdacontent
337 _aunmediated
_2rdamedia
338 _avolume
_2rdacarrier
490 0 _aGuides to the reformed tradition
504 _aBibliografía: páginas 179-197.
505 0 _aSome basic principles.- Baptism.- The lord's day.- The ministry of praise.- The ministry of the word.- The ministry of prayer.- The lord's supper.- Daily prayer.
526 _aSEG42
526 _aSEG41
526 _aSEG40
526 _aSEG39
526 _aP94
526 _aP87
526 _aP86
526 _aP85
526 _aP77
526 _aP76
526 _aP35
650 0 4 _aIglesia Reformada
_xDoctrinas.
650 0 4 _aIglesia Reformada
_xLiturgia.
910 _ajck
_bjvq
_cjck
942 _2ddc
_cBOOK
949 _a264.057 O42
_wDEWEY
_c1
_i41997
_lCCODEBUL1
_mBUL
_r0
_sY
_tBOOK
_u2015-6-16
_xTEOLOGIA
_zUNKNOWN
_0COMPRA
_o.STAFF. Colección General
994 _aC0
_bPEPRU
596 _a1
999 _a264.057 O42
_wDEWEY
_c59744
_i41997
_f2021-11-10
_g5
_lCCODEBUL1
_mBUL
_r0
_sY
_tBOOK
_u2015-6-16
_xTEOLOGIA
_zUNKNOWN
_0COMPRA
_o.STAFF. Colección General
_d59744
980 _81
_gALBERTO SANCHEZ Responsable de Automatización